| 000 | 00821nam a2200289 a 4500 | ||
|---|---|---|---|
| 001 | 30327 | ||
| 003 | BD-RjU | ||
| 005 | 20211209051539.0 | ||
| 008 | 140409r19681967enka bb 001 0 eng d | ||
| 020 | _a0198750048 | ||
| 035 | _a(BD-RjU)30412 | ||
| 035 | _a(OCoLC)17522669 | ||
| 040 |
_aLC _beng _cLC _dBD-RjU |
||
| 041 | _aeng | ||
| 082 | 0 | 4 |
_a160 _bPHI 1968 |
| 245 | 0 | 0 |
_aPhilosophical logic / _cedited by P. F. Strawson. |
| 260 |
_aLondon : _bOxford University Press, _c1967 [reprinted 1968]. |
||
| 300 |
_a177 p. : _bill. ; _c21 cm. |
||
| 504 | _aIncludes bibliography and index. | ||
| 650 | 0 |
_aAnalysis (Philosophy) _992192 |
|
| 650 | 0 |
_aLogic. _992193 |
|
| 700 | 1 |
_aStrawson, P. F. _9294 |
|
| 830 | 0 |
_aOxford readings in philosophy. _95625 |
|
| 942 |
_2ddc _cBK |
||
| 999 |
_c30327 _d30327 |
||